বাংলা উপন্যাসে যুবরাজ (১৯৬১-১৯৮৫) / (Record no. 63448)
[ view plain ]
| 000 -LEADER | |
|---|---|
| fixed length control field | 00944nam a2200229 a 4500 |
| 001 - CONTROL NUMBER | |
| control field | 63448 |
| 003 - CONTROL NUMBER IDENTIFIER | |
| rucl marc code | BD-RjUL |
| 005 - DATE AND TIME OF LATEST TRANSACTION | |
| control field | 20211209081210.0 |
| 008 - FIXED-LENGTH DATA ELEMENTS--GENERAL INFORMATION | |
| fixed length control field | 170130s2001 ii ||||| |||| 00| f ben d |
| 020 ## - INTERNATIONAL STANDARD BOOK NUMBER | |
| Terms of availability | : Tk. 100.00 |
| 035 ## - SYSTEM CONTROL NUMBER | |
| System control number | (BD-RjUL)63577 |
| 040 ## - CATALOGING SOURCE | |
| Original cataloging agency | BD-RjUL |
| Language of cataloging | ben |
| Transcribing agency | BD-RjUL |
| 041 ## - LANGUAGE CODE | |
| Language code of text/sound track or separate title | ben |
| 082 ## - DEWEY DECIMAL CLASSIFICATION NUMBER | |
| Edition number | 23 |
| Classification number | 891.44309 |
| Author mark and year | ROB 2001 |
| 100 ## - MAIN ENTRY--PERSONAL NAME | |
| Personal name | রায়চৌধুরী, ঊর্মি |
| 9 (RLIN) | 171010 |
| 245 10 - TITLE STATEMENT | |
| Title | বাংলা উপন্যাসে যুবরাজ (১৯৬১-১৯৮৫) / |
| Statement of responsibility, etc. | ঊর্মি রায়চৌধুরী |
| 260 ## - PUBLICATION, DISTRIBUTION, ETC. (IMPRINT) | |
| Place of publication, distribution, etc. | পরগণা : |
| Name of publisher, distributor, etc. | শর্মিষ্ঠা মুখোপাধ্যায়, |
| Date of publication, distribution, etc. | ২০০১ |
| 300 ## - PHYSICAL DESCRIPTION | |
| Pagination | [৮], ২৬৮ পৃ. ; |
| Size | ২৩ সেমি. |
| 650 ## - SUBJECT ADDED ENTRY--TOPICAL TERM | |
| Topical term or geographic name as entry element | বাংলা উপন্যাস |
| General subdivision | ইতিহাস ও সমালোচনা |
| 9 (RLIN) | 179529 |
| Topical term or geographic name as entry element | Bengali Fiction |
| General subdivision | History and Criticism |
| 9 (RLIN) | 188742 |
| 942 ## - ADDED ENTRY ELEMENTS (KOHA) | |
| Source of classification or shelving scheme | Dewey Decimal Classification |
| Koha item type | Books |
| Lost status | Source of classification or shelving scheme | Damaged status | Not for loan | Collection code | Permanent Location | Current Location | Shelving location | Date acquired | Source of acquisition | Cost, normal purchase price | Total Checkouts | Full call number | Date last seen | Copy number | Koha item type |
|---|---|---|---|---|---|---|---|---|---|---|---|---|---|---|---|
| Dewey Decimal Classification | Not For Loan | Fiction | Central Library, University of Rajshahi | Central Library, University of Rajshahi | Reading Room | 07/06/2007 | Paragogn Enterprise, Dhaka | 100.00 | B 891.44309 ROB 2001 | 30/01/2017 | C-1 | Books | |||
| Dewey Decimal Classification | Non-fiction | Central Library, University of Rajshahi | Central Library, University of Rajshahi | General Stacks | 07/06/2007 | Paragon Enter prise ltd. | 100.00 | B 891.44309 ROB 2001 | 03/04/2022 | C-2 | Books |